000
00364nam a2200133Ia 4500
003
GCL
008
140319s9999 xx 000 0 ara d
040
_a
GCL /
_c
GCL
082
0
4
_a
227
_b
م ت
245
1
0
_a
تفسير سورة محمد: دراسة تحليلية موضوعية
260
_a
[S.N] :
_b
مكتبة اليسر ،
_c
1990
300
_a
212 ص
490
_a
999
_c
35587
_d
35587